The essential guide to telecommunication (Record no. 8964)
[ view plain ]
| 000 -LEADER | |
|---|---|
| fixed length control field | 00709nam a22001937a 4500 |
| 005 - DATE AND TIME OF LATEST TRANSACTION | |
| control field | 20091021102137.0 |
| 008 - FIXED-LENGTH DATA ELEMENTS--GENERAL INFORMATION | |
| fixed length control field | 091021t xxu||||| |||| 00| 0 eng d |
| 020 ## - INTERNATIONAL STANDARD BOOK NUMBER | |
| International Standard Book Number | 81-7758-961-X |
| 080 ## - UNIVERSAL DECIMAL CLASSIFICATION NUMBER | |
| Universal Decimal Classification number | 621.395.721.5 |
| Item number | DOD |
| 100 ## - MAIN ENTRY--PERSONAL NAME | |
| Personal name | Dodd, Annabel Z. |
| 245 ## - TITLE STATEMENT | |
| Title | The essential guide to telecommunication |
| 250 ## - EDITION STATEMENT | |
| Edition statement | 4th ed. |
| 260 ## - PUBLICATION, DISTRIBUTION, ETC. (IMPRINT) | |
| Place of publication, distribution, etc | New Delhi |
| Name of publisher, distributor, etc | Pearson Education |
| Date of publication, distribution, etc | 2006 |
| 300 ## - PHYSICAL DESCRIPTION | |
| Extent | xxii, 594p. |
| 490 ## - SERIES STATEMENT | |
| Series statement | (Prentice Hall PTR essential guide series) |
| 653 ## - INDEX TERM--UNCONTROLLED | |
| Uncontrolled term | Telecommunication |
| -- | Wireless communication |
| -- | Mobile communication |
| -- | Internet |
| 942 ## - ADDED ENTRY ELEMENTS (KOHA) | |
| item type | Books |
| 260 ## - PUBLICATION, DISTRIBUTION, ETC. (IMPRINT) | |
| -- | 6782 |
| Lost status | Source of classification or shelving scheme | Not for loan | Home library | Current library | Date acquired | Total Checkouts | Full call number | Barcode | Date last seen | Price effective from | Koha item type |
|---|---|---|---|---|---|---|---|---|---|---|---|
| Universal Decimal Classification | University Library | University Library | 21/10/2009 | 621.395.721.5 DOD | 00056418 | 21/10/2009 | 21/10/2009 | Books |
